000 00870nam a2200301Ia 4500
001 71584
003 IT-RoPAU
008 130308s9999 xx 000 0 und d
040 _aIT-RoPAU
040 _cIT-RoPAU
041 _aINGLESE
100 _aTavris Carol
100 _gCodice Aut. SPICS: 24820
245 _aBeyond Cartoon Killings-Comments on Two Overlooked Effects of Television
245 _bTelevision As a Social Issue
250 _a1a ed.
260 _aLONDON
260 _bSage Publications B.H.
260 _c1988 [1° Ed.:1988 - Ed.Ling.Originale:1988]
300 _a"9 p. (prefazione: no ; testo: 9 [pagine: 189-197])"
500 _aFumetti in Televisione e Loro Influenza sport in Televisione
650 _aTEORICHE TELEVISIVE
650 _eCodice materia Spics: 6955
942 _cBK
957 _71
999 _c57168
_d57168
999 _bSI
999 _g1